A review of recent advances in X-ray analysis /

Bibliographic Details
Main Author: Bragg, William Lawrence, Sir, 1890-1971
Other Authors: Emeléus, H. J. (Harry Julius)
Format: Book
Language:English
Published: Brooklyn : Chemical Pub. Co., 1950.
Subjects:

MARC

Tag First Indicator Second Indicator Subfields
LEADER 00000cam a2200000 4500
001 in00000039856
005 20151007064611.0
008 770204s1950 nyuaf 00010 eng
010 |a a 52000971  
035 |a (OCoLC)02719336 
035 |9 AAE0198AM 
040 |a DLC  |c IMC  |d TXA  |d UtOrBLW 
049 |a TXAM  |c [209467] 
050 0 0 |a QC481  |b .B85 
092 |a 537.53  |b B813r 
100 1 |a Bragg, William Lawrence,  |c Sir,  |d 1890-1971. 
245 1 2 |a A review of recent advances in X-ray analysis /  |c [by] W. Lawrence Bragg, and The impact of radioactiviy on inorganic chemistry [by] H.J. Emeleus. 
264 1 |a Brooklyn :  |b Chemical Pub. Co.,  |c 1950. 
300 |a 99 pages :  |b illustrations, plates, diagrams ;  |c 22 cm. 
336 |a text  |b txt  |2 rdacontent 
337 |a unmediated  |b n  |2 rdamedia 
338 |a volume  |b nc  |2 rdacarrier 
500 |a "The seventh and eighth series of Post-graduate lectures, sponsored by the Oil and Colour Chemists' Association." 
650 0 |a X-rays. 
650 0 |a Radioactivity. 
650 0 |a Crystallography. 
700 1 |a Emeléus, H. J.  |q (Harry Julius).  |t Impact of radioactivity on inorganic chemistry. 
740 4 |a The impact of radioactivity on inorganic chemistry. 
999 |a MARS 
999 f f |s f9d5c944-9412-3fa7-b4c9-b1938119392d  |i e1a0706a-324f-3749-bc28-ed798d5ee33d  |t 0 
952 f f |p ric  |a Texas A&M University  |b Rellis Campus  |c Joint Library Facility  |d Remote Storage  |t 0  |e QC481 .B85  |h Library of Congress classification  |i unmediated -- volume  |m A14800923881 
998 f f |a QC481 .B85  |t 0  |l Remote Storage